Fast Food Logos Quiz Stats

Quiz Updated Jan 19, 2017

Challenge
Share
Tweet
Score 0/20 Timer 05:00
115 Plays Today
% Correct
Taco Bell
96.1%
McDonald's
96%
Pizza Hut
95.5%
KFC
95%
Wendy's
92.1%
Arby's
86.6%
Quiznos
81.4%
Dairy Queen
80.9%
White Castle
77.5%
Chick-fil-A
74.6%
% Correct
Panda Express
73.2%
Panera
69.2%
Hardee's
63.5%
Little Caesars
61%
Chipotle
58.1%
In-N-Out
57.8%
Jimmy John's
57.4%
Steak 'n Shake
38.5%
Qdoba
37.5%
Skyline Chili
14.2%

You're not logged in!

Compare scores with friends on all Sporcle quizzes.
Sign Up with Email
OR
Log In

You Might Also Like...

Show Comments

Extras

Top Quizzes Today


Score Distribution

Your Account Isn't Verified!

In order to create a playlist on Sporcle, you need to verify the email address you used during registration. Go to your Sporcle Settings to finish the process.